Daughter of fortune.
| Main Author: | |
|---|---|
| Other Authors: | |
| Format: | Book |
| Published: |
London:
Flamigo,
1999.
|
| Subjects: |
| LEADER | 00413cam a2200157 7i4500 | ||
|---|---|---|---|
| 001 | 0000007623 | ||
| 005 | 20000513090000.0 | ||
| 020 | 0 | 0 | |a 0002259613 |
| 090 | 0 | 0 | |a B 808.63 |b ALL (N) |
| 100 | 1 | 0 | |a Allende |
| 245 | 1 | 0 | |a Daughter of fortune. |
| 260 | 0 | 0 | |a London: |b Flamigo, |c 1999. |
| 300 | # | # | |a 399 p. |
| 650 | 0 | 0 | |a Novelettes |
| 700 | 1 | 1 | |a Peden, |h Margaret Sayers |
| 999 | |a B000010976 |b Book |c Novelettes |e Business Information Centre | ||


